It looks like you're offline.
Open Library logo
additional options menu

MARC record from Internet Archive

LEADER: 01038cam 2200301 4500
001 3569159
008 751231m19171919enk 000 0 eng
005 20071130110454.0
010 $a 17031073
035 $a(NIC)notisASC5984
035 $a(OCoLC)1908242
035 $a3569159
040 $aDLC$cKSU$dNIC
050 $aPQ631$b.S3
100 1 $aSaintsbury, George,$d1845-1933.
245 12 $aA history of the French novel (to the close of the 19th century)$cby George Saintsbury.
260 $aLondon,$bMacmillan and co., limited,$c1917-19.
300 $a2 v.$c23 cm.
504 $a"Bibliographical notes": vol. I, p. 479-482.
505 0 $aI. From the beginning to 1800.--II. From 1800 to 1900.
650 0 $aFrench fiction$xHistory and criticism.
903 $aKirtas$d20071130$p31924088375955$vv.1
903 $aKirtas$d20071130$p31924088375963$vv.2
905 $a20000513120000.0
950 $lOLIN$x9999$aPQ631$b.S15
955 $lOLIN$aPQ631$b.S15$c1:v.1-2
995 $aHivolm$d20070320
999 $lOLIN$aPQ631$b.S15$c1$vv.1-2